[Event "Int. Stuttgarter Stadtmeisterschaft C"]
[Site "Ditzingen"]
[Date "2012.05.19"]
[Round "5.7"]
[White "Langen, Oliver"]
[Black "Thomas, Leonhard"]
[Result "1/2-1/2"]
[WhiteElo "1060"]
[BlackElo "1358"]
[PlyCount "43"]
[EventDate "2012.??.??"]
[WhiteTeam "DJK Stuttgart-Süd"]
[BlackTeam "SV Fellbach"]

1. d4 d5 2. c4 Nf6 3. Nf3 Bg4 4. Nbd2 e6 5. e3 c6 6. c5 Be7 7. Bd3 Nbd7 8. O-O
Qc7 9. Qc2 Bxf3 10. Nxf3 h6 11. g3 Rc8 12. Re1 O-O 13. e4 dxe4 14. Bxe4 Nxe4
15. Qxe4 Nf6 16. Qd3 Nd5 17. a3 Bf6 18. b4 a6 19. Bb2 Rfe8 20. Ne5 Bxe5 21.
Rxe5 Qe7 22. f4 1/2-1/2

[Event "Int. Stuttgarter Stadtmeisterschaft C"]
[Site "Ditzingen"]
[Date "2012.05.19"]
[Round "5.8"]
[White "Kreuzhage, Laura"]
[Black "Griesche, Veit"]
[Result "0-1"]
[WhiteElo "1013"]
[BlackElo "1291"]
[PlyCount "122"]
[EventDate "2012.??.??"]
[WhiteTeam "SK Schmiden/Cannstatt"]
[BlackTeam "SF Oeffingen e.V."]

1. d4 d5 2. c4 e6 3. Nc3 Nf6 4. Nf3 Be7 5. Bf4 O-O 6. e3 c5 7. Be2 Nc6 8. O-O
dxc4 9. Bxc4 cxd4 10. exd4 a6 11. a3 b5 12. Ba2 Bb7 13. Bb1 b4 14. Ne2 Qb6 15.
Bc2 a5 16. Be3 Nd5 17. Qd3 g6 18. Bh6 Rfd8 19. Rfd1 Ba6 20. Qd2 b3 21. Be4 a4
22. h3 Na5 23. Rdb1 Rac8 24. Qe1 Nf6 25. Bd2 Nc4 26. Bc3 Nxe4 27. Ne5 Nxc3 28.
Nxc3 Nxe5 29. Qxe5 Qxd4 30. Qg3 Bd6 31. Qf3 Qf4 32. Qxf4 Bxf4 33. g3 Be5 34.
Nxa4 Bd3 35. Rc1 Rxc1+ 36. Rxc1 Bc2 37. Kf1 Rd1+ 38. Rxd1 Bxd1 39. Ke1 Bc2 40.
Ke2 Kf8 41. Ke3 Ke7 42. f4 Bd6 43. Kd4 f6 44. Kc4 f5 45. Nc3 Kd7 46. Na4 h6 47.
Kc3 e5 48. Nb6+ Kc6 49. Nc4 exf4 50. gxf4 Bxf4 51. Na5+ Kc5 52. Nxb3+ Bxb3 53.
Kxb3 Be5 54. Kc2 f4 55. b4+ Kb5 56. Kb3 f3 57. a4+ Kb6 58. Kc4 f2 59. a5+ Ka6
60. Kc5 f1=Q 61. h4 Qb5# 0-1

[Event "Int. Stuttgarter Stadtmeisterschaft C"]
[Site "Ditzingen"]
[Date "2012.05.19"]
[Round "5.9"]
[White "Steller, Kilian"]
[Black "Sandmeyer, Alexander"]
[Result "0-1"]
[WhiteElo "782"]
[BlackElo "1182"]
[PlyCount "86"]
[EventDate "2012.??.??"]
[WhiteTeam "TSF Ditzingen"]
[BlackTeam "Stuttgarter SF 1879"]

1. e4 c5 2. Nf3 Nc6 3. d4 cxd4 4. Nxd4 g6 5. Nxc6 bxc6 6. Bd3 Bg7 7. Nc3 d6 8.
O-O Nf6 9. Be3 O-O 10. b4 d5 11. exd5 Nxd5 12. Nxd5 Bxa1 13. Qxa1 cxd5 14. Bh6
f6 15. Bxf8 Kxf8 16. c4 dxc4 17. Bxc4 Bf5 18. Rd1 Qc7 19. Rc1 Rc8 20. Qd4 Be6
21. Qe4 Bxc4 22. f4 Qb6+ 23. Kh1 Qe6 24. Qxe6 Bxe6 25. Rxc8+ Bxc8 26. Kg1 Bd7
27. Kf2 Bb5 28. Ke3 Ke8 29. Kd4 Kd7 30. Kc5 a6 31. Kd5 Bc6+ 32. Kc5 Bxg2 33. b5
axb5 34. Kxb5 Kd6 35. a3 e5 36. fxe5+ fxe5 37. a4 Kd5 38. a5 Kd4 39. a6 Bd5 40.
a7 e4 41. Kb6 e3 42. Kc7 e2 43. a8=Q Bxa8 0-1

[Event "Int. Stuttgarter Stadtmeisterschaft C"]
[Site "Ditzingen"]
[Date "2012.05.19"]
[Round "5.10"]
[White "Castiglione, David"]
[Black "Dallinger, Frank"]
[Result "1-0"]
[WhiteElo "1063"]
[BlackElo "1025"]
[PlyCount "97"]
[EventDate "2012.??.??"]
[WhiteTeam "SC Ingersheim e.V."]
[BlackTeam "SV Stuttgart-Wolfbusch 1956 e.V."]

1. d4 d5 2. c4 e6 3. Nc3 Nf6 4. Bg5 Be7 5. Nf3 O-O 6. e3 c6 7. Bd3 Nbd7 8. Ne5
dxc4 9. Nxd7 Bxd7 10. Bxc4 b5 11. Bd3 Rb8 12. Bxf6 Bxf6 13. Ne4 e5 14. Qh5 g6
15. Qf3 Bf5 16. Nxf6+ Qxf6 17. Bxf5 Qxf5 18. Qxf5 gxf5 19. dxe5 Rfd8 20. Rd1
Rxd1+ 21. Kxd1 Rd8+ 22. Ke2 Rd5 23. f4 c5 24. Rd1 Rxd1 25. Kxd1 Kg7 26. Kd2 f6
27. e6 Kf8 28. g4 fxg4 29. f5 h5 30. e4 h4 31. Ke3 g3 32. hxg3 hxg3 33. Kf3 c4
34. Kxg3 b4 35. Kf3 c3 36. bxc3 bxc3 37. Ke3 Ke7 38. Kd3 c2 39. Kxc2 Kd6 40.
Kb3 Ke5 41. e7 Kxe4 42. e8=Q+ Kxf5 43. Kc4 Kf4 44. Kd5 f5 45. Qe5+ Kg5 46. Ke6
a5 47. Qf6+ Kh5 48. Kxf5 a4 49. Qg5# 1-0

[Event "Int. Stuttgarter Stadtmeisterschaft C"]
[Site "Ditzingen"]
[Date "2012.05.19"]
[Round "5.11"]
[White "Schröder, Janina"]
[Black "Spasovski, Dusan"]
[Result "1-0"]
[WhiteElo "1353"]
[BlackElo "1038"]
[PlyCount "69"]
[EventDate "2012.??.??"]
[WhiteTeam "SV Lahn Limburg"]
[BlackTeam "VfL Sindelfingen"]

1. e4 e6 2. d4 d5 3. exd5 exd5 4. Nf3 c5 5. c3 Nf6 6. Bg5 Be7 7. Be2 Nc6 8. O-O
O-O 9. Re1 Qb6 10. b3 h6 11. Be3 Ne4 12. Bd3 Bf6 13. dxc5 Nxc5 14. Qd2 Qa5 15.
b4 Nb3 16. bxa5 Nxd2 17. Bxd2 Nxa5 18. Na3 Be6 19. Nb5 Bg4 20. Nbd4 Nc6 21.
Nxc6 bxc6 22. Be2 Rab8 23. h3 Bh5 24. Rab1 c5 25. Kf1 Rxb1 26. Rxb1 Bg6 27. Rc1
Re8 28. Re1 d4 29. cxd4 cxd4 30. Kg1 Bh5 31. g4 Bg6 32. Bd3 Rxe1+ 33. Nxe1 Bxd3
34. Nxd3 a5 35. Bxa5 1-0

[Event "Int. Stuttgarter Stadtmeisterschaft C"]
[Site "Ditzingen"]
[Date "2012.05.19"]
[Round "5.12"]
[White "Kleih, Julian"]
[Black "Hauger, Albrecht"]
[Result "1-0"]
[WhiteElo "1335"]
[BlackElo "993"]
[PlyCount "39"]
[EventDate "2012.??.??"]
[WhiteTeam "SV Dettingen Erms"]
[BlackTeam "SC Schachmatt Botnang"]

1. d4 d5 2. Bf4 e6 3. Nf3 Bd6 4. Ne5 c5 5. e3 f6 6. Qh5+ g6 7. Nxg6 hxg6 8.
Qxh8 Kd7 9. Bb5+ Nc6 10. Bxc6+ Kxc6 11. Bxd6 Kxd6 12. dxc5+ Kxc5 13. Nc3 Bd7
14. Qh4 Qe7 15. O-O-O Bc6 16. Qd4+ Kd6 17. e4 e5 18. Qb4+ Kc7 19. Qxe7+ Nxe7
20. exd5 1-0

[Event "Int. Stuttgarter Stadtmeisterschaft C"]
[Site "Ditzingen"]
[Date "2012.05.19"]
[Round "5.13"]
[White "Reichmann, Bernd"]
[Black "Zacke, Tamara"]
[Result "1-0"]
[WhiteElo "1191"]
[BlackElo "982"]
[PlyCount "125"]
[EventDate "2012.??.??"]
[WhiteTeam "SV Fellbach"]
[BlackTeam "SV Stuttgart-Wolfbusch 1956 e.V."]

1. e4 e5 2. Nf3 Nc6 3. Bb5 a6 4. Bxc6 dxc6 5. h3 Bd6 6. d3 Ne7 7. Bd2 O-O 8.
O-O f5 9. Bc3 fxe4 10. dxe4 Ng6 11. Nbd2 b5 12. a3 Qf6 13. Nh2 Nf4 14. Kh1 Qg5
15. Rg1 Rf6 16. Ndf3 Qg6 17. Qe1 Qh5 18. Bd2 Nxh3 19. gxh3 Rxf3 20. Rg3 Rxg3
21. fxg3 Bxh3 22. Qe3 Rf8 23. Kg1 Qg6 24. Re1 Be7 25. Nf1 h5 26. Qd3 h4 27. c3
hxg3 28. Qxg3 Qxg3+ 29. Nxg3 Bh4 30. Kh2 Be6 31. Kg2 Rf6 32. Rh1 g5 33. Be3 Bg4
34. Re1 Bf3+ 35. Kh2 Bxg3+ 36. Kxg3 g4 37. Bg5 Rf7 38. Bd8 Kg7 39. Bg5 Kg6 40.
Bc1 Kh5 41. b3 Rd7 42. a4 Rd3 43. Re3 Rd1 44. Ba3 Rg1+ 45. Kf2 Rg2+ 46. Kf1 Kh4
47. Be7+ Kh3 48. Bf6 Kh2 49. Bxe5+ Kh1 50. axb5 cxb5 51. Bxc7 Rb2 52. e5 Bg2+
53. Ke1 Bc6 54. e6 Rxb3 55. e7 Be8 56. Ba5 Ra3 57. Bb6 a5 58. Rg3 b4 59. Rg1+
Kh2 60. Rxg4 Rxc3 61. Bxa5 Re3+ 62. Kf2 Rxe7 63. Rh4# 1-0

[Event "Int. Stuttgarter Stadtmeisterschaft C"]
[Site "Ditzingen"]
[Date "2012.05.19"]
[Round "5.14"]
[White "Stegmiller, Dennis"]
[Black "Zeller, Fabian"]
[Result "1-0"]
[WhiteElo "1180"]
[BlackElo "905"]
[PlyCount "63"]
[EventDate "2012.??.??"]
[WhiteTeam "TSF Ditzingen"]
[BlackTeam "TV Zazenhausen"]

1. c4 e5 2. Nc3 Nf6 3. e3 Bb4 4. a3 Bxc3 5. bxc3 Nc6 6. d4 d6 7. d5 Ne7 8. Be2
c6 9. Qa4 Bd7 10. dxc6 bxc6 11. Qc2 Rb8 12. Nf3 O-O 13. e4 Ng6 14. Bg5 h6 15.
Bh4 Bg4 16. Bxf6 Qxf6 17. h3 Be6 18. Rd1 Rfd8 19. Qa4 Qe7 20. Qxc6 Rb3 21. c5
dxc5 22. Rxd8+ Qxd8 23. O-O Rxc3 24. Rd1 Qf8 25. Qc7 Qe7 26. Qb8+ Kh7 27. Rd8
Rb3 28. Qa8 Rxa3 29. h4 Nf4 30. Nxe5 Nxe2+ 31. Kf1 Nd4 32. Rh8# 1-0

[Event "Int. Stuttgarter Stadtmeisterschaft C"]
[Site "Ditzingen"]
[Date "2012.05.19"]
[Round "5.15"]
[White "Giebler, Kai"]
[Black "Naizghi, Agazit-Aida"]
[Result "1-0"]
[WhiteElo "1138"]
[BlackElo "890"]
[PlyCount "89"]
[EventDate "2012.??.??"]
[WhiteTeam "TSF Ditzingen"]
[BlackTeam "SV Stuttgart-Wolfbusch 1956 e.V."]

1. e4 e5 2. Nf3 Nc6 3. Nc3 Nf6 4. d4 d6 5. Bb5 Bd7 6. Bc4 Be7 7. d5 Na5 8. Bb3
Nxb3 9. axb3 c6 10. Be3 a6 11. Na4 Nxe4 12. Bb6 Qb8 13. Be3 Qc8 14. Nb6 Qd8 15.
Nxa8 Qxa8 16. Qd3 Bf5 17. Qd1 O-O 18. O-O Qd8 19. dxc6 bxc6 20. Ra4 Qa8 21. Qd3
a5 22. Rfa1 Bd8 23. Qe2 c5 24. Nd2 Qa7 25. Nxe4 Bxe4 26. Bd2 Qb7 27. f3 Bc6 28.
R4a3 Bb6 29. Kh1 Ra8 30. Qc4 Bd5 31. Qg4 g6 32. Bh6 e4 33. Rf1 e3 34. Bxe3 Re8
35. Bg5 Qc7 36. Bh6 c4 37. bxc4 Bxc4 38. Rc3 a4 39. Rxc4 Qe7 40. Re4 Qd8 41.
Rxe8+ Qxe8 42. Qf4 Bc5 43. Qf6 Qe5 44. Qd8+ Qe8 45. Qxe8# 1-0

[Event "Int. Stuttgarter Stadtmeisterschaft C"]
[Site "Ditzingen"]
[Date "2012.05.19"]
[Round "5.18"]
[White "Rümmele, Tobias"]
[Black "Günay, Nuri"]
[Result "0-1"]
[WhiteElo "1418"]
[BlackElo "1178"]
[PlyCount "68"]
[EventDate "2012.??.??"]
[WhiteTeam "SV Besigheim"]
[BlackTeam "SC Gross-Sachsenheim"]

1. Nf3 Nf6 2. g3 d5 3. Bg2 e6 4. O-O c5 5. d4 Nc6 6. b3 Be7 7. Bb2 O-O 8. Nbd2
Qb6 9. e3 cxd4 10. Nxd4 Bd7 11. c4 dxc4 12. Nxc4 Qc7 13. Rc1 Nxd4 14. Bxd4 Qd8
15. Bxb7 Rb8 16. Ba6 Qe8 17. Bxa7 Ra8 18. Qd4 Nd5 19. Bb7 Bf6 20. Nd6 Bxd4 21.
Nxe8 Rxa7 22. Bxd5 exd5 23. exd4 Rxe8 24. a4 h6 25. Rc5 Be6 26. f4 g6 27. Rb1
Rb8 28. b4 Rxa4 29. b5 Rc4 30. b6 Kf8 31. g4 Ke7 32. f5 gxf5 33. gxf5 Bxf5 34.
Rxd5 Bxb1 0-1

[Event "Int. Stuttgarter Stadtmeisterschaft C"]
[Site "Ditzingen"]
[Date "2012.05.19"]
[Round "5.19"]
[White "Mackeprang, Jelena"]
[Black "Baumann, Sonja"]
[Result "0-1"]
[WhiteElo "949"]
[BlackElo "1064"]
[PlyCount "94"]
[EventDate "2012.??.??"]
[WhiteTeam "SK Schmiden/Cannstatt"]
[BlackTeam "SV Stuttgart-Wolfbusch 1956 e.V."]

1. Nf3 d5 2. d4 Nf6 3. Nbd2 Nc6 4. c4 e6 5. cxd5 exd5 6. e3 Bf5 7. Bb5 Bd6 8.
O-O O-O 9. Re1 Nb4 10. Ba4 c6 11. a3 Nd3 12. Re2 Qc7 13. h3 Ne4 14. Bc2 Ndxf2
15. Rxf2 Nxf2 16. Kxf2 Bg6 17. Bxg6 fxg6 18. e4 Qb6 19. Ke2 Rae8 20. Ng5 Qb5+
21. Nc4 Qxc4+ 22. Kd2 Qxd4+ 23. Kc2 Qc4+ 24. Kb1 Rf1 25. Qc2 Qxc2+ 26. Kxc2 Bf4
27. Nf3 Bxc1 28. Rxc1 Rxc1+ 29. Kxc1 Rxe4 30. Ng5 Re2 31. g3 d4 32. Nf3 d3 33.
b4 Ra2 34. Kd1 Rxa3 35. Kd2 Rb3 36. g4 Kf7 37. Ne5+ Kf6 38. Nxd3 Rxd3+ 39. Kxd3
Kg5 40. Ke3 Kh4 41. Kf4 b6 42. Kf3 a5 43. Ke2 Kxh3 44. Kd2 Kxg4 45. Kc3 axb4+
46. Kxb4 h5 47. Kc4 h4 0-1

[Event "Int. Stuttgarter Stadtmeisterschaft C"]
[Site "Ditzingen"]
[Date "2012.05.19"]
[Round "5.20"]
[White "Kiroglu, Cihan"]
[Black "Spasovski, Marko"]
[Result "1-0"]
[WhiteElo "969"]
[BlackElo "767"]
[PlyCount "51"]
[EventDate "2012.??.??"]
[WhiteTeam "SG Schramberg-Lauterbach"]
[BlackTeam "VfL Sindelfingen"]

1. e4 e6 2. Nf3 d5 3. Qe2 c5 4. Qb5+ Bd7 5. Qxb7 Nc6 6. Qb3 Rb8 7. Qe3 Nb4 8.
Na3 Nf6 9. Qf4 Nxe4 10. Ne5 f6 11. Nxd7 Qxd7 12. Qxb8+ Qd8 13. Bb5+ Ke7 14.
Qxa7+ Kd6 15. c3 Nc6 16. Qa6 Qc7 17. Ba4 c4 18. Nb5+ Kd7 19. Nxc7 Kxc7 20. Qa8
Ne5 21. Qe8 Nc5 22. O-O Nxa4 23. Qxa4 Bd6 24. Qa7+ Kc6 25. Qxg7 Ng6 26. Qxf6
1-0

[Event "Int. Stuttgarter Stadtmeisterschaft C"]
[Site "Ditzingen"]
[Date "2012.05.19"]
[Round "5.23"]
[White "Visvikis, Kassandra"]
[Black "Lemke, Maximilian"]
[Result "0-1"]
[WhiteElo "763"]
[BlackElo "835"]
[PlyCount "68"]
[EventDate "2012.??.??"]
[WhiteTeam "SK Villingen"]
[BlackTeam "VfL Sindelfingen"]

1. e4 e5 2. Nf3 Nf6 3. Nc3 Bb4 4. a3 Bxc3 5. dxc3 Nxe4 6. Nxe5 Qe7 7. Nf3 Nxc3+
8. Qe2 Nxe2 9. Bxe2 O-O 10. Bg5 Qe6 11. Be3 Re8 12. O-O Qg6 13. Bd3 Qf6 14. Bg5
Qxb2 15. Rab1 Qxa3 16. Rb3 Qd6 17. Re1 Rxe1+ 18. Nxe1 Qe5 19. Bd2 d6 20. Rb1
Bf5 21. Nf3 Qf6 22. Bg5 Qg6 23. Bd2 Bxd3 24. cxd3 Qxd3 25. Re1 Nc6 26. Be3 h6
27. Nd4 Nxd4 28. Bxd4 Qxd4 29. h3 g5 30. g4 c5 31. Kf1 Qd3+ 32. Kg1 Qxh3 33. f3
Qxf3 34. Rc1 Qe3+ 0-1

[Event "Int. Stuttgarter Stadtmeisterschaft C"]
[Site "Ditzingen"]
[Date "2012.05.19"]
[Round "6.1"]
[White "Winterkorn, Nikolaus"]
[Black "Sax, Leon"]
[Result "1-0"]
[WhiteElo "1423"]
[BlackElo "1251"]
[PlyCount "55"]
[EventDate "2012.??.??"]
[WhiteTeam "DJK Sportbund Stuttgart e.V."]
[BlackTeam "SC Gross-Sachsenheim"]

1. Nf3 Nf6 2. d4 d5 3. Bg5 e6 4. Nbd2 Be7 5. e3 c6 6. Bd3 O-O 7. a3 Nbd7 8. h3
b5 9. c3 a5 10. O-O a4 11. Re1 Re8 12. Nf1 Ba6 13. N1h2 Qc7 14. Bf4 Bd6 15.
Bxd6 Qxd6 16. Qc2 h6 17. Nf1 c5 18. Qd2 c4 19. Bb1 e5 20. dxe5 Nxe5 21. Nd4 Ne4
22. Bxe4 dxe4 23. Rad1 Qg6 24. Ng3 Rad8 25. Qc2 Nd7 26. Ndf5 Nc5 27. Rxd8 Rxd8
28. Ne7+ 1-0

[Event "Int. Stuttgarter Stadtmeisterschaft C"]
[Site "Ditzingen"]
[Date "2012.05.19"]
[Round "6.2"]
[White "Schröder, Oliver"]
[Black "Dietermann, Frank"]
[Result "1-0"]
[WhiteElo "1370"]
[BlackElo "1432"]
[PlyCount "111"]
[EventDate "2012.??.??"]
[WhiteTeam "SV Lahn Limburg"]
[BlackTeam "SC Grunbach"]

1. e4 d5 2. exd5 Qxd5 3. Nc3 Qa5 4. d3 c6 5. Bd2 Bf5 6. Be2 e6 7. Nf3 Be7 8.
O-O Nd7 9. a3 Ngf6 10. Re1 Qc7 11. Nd4 Bg6 12. Bf3 O-O 13. Nde2 Bd6 14. g3 Ne5
15. Bg2 Bh5 16. Qc1 Nf3+ 17. Bxf3 Bxf3 18. d4 Nh5 19. Bf4 Nxf4 20. Nxf4 Bxf4
21. Qxf4 Qxf4 22. gxf4 Rfd8 23. Re3 Bg4 24. Rd3 Bf5 25. Rd2 Rd7 26. Kg2 Rad8
27. Ne2 c5 28. c3 cxd4 29. Rxd4 Rxd4 30. Nxd4 Be4+ 31. f3 Bc6 32. Kf2 Kf8 33.
Re1 Re8 34. Nxc6 bxc6 35. Ke3 Rd8 36. Re2 Ke7 37. b4 a6 38. a4 Rd5 39. c4 Rd7
40. b5 cxb5 41. cxb5 axb5 42. axb5 Rb7 43. Rb2 Kd6 44. Kd4 Rc7 45. Rg2 g6 46.
Rb2 f6 47. Rb3 Rc2 48. b6 Rc8 49. b7 Rb8 50. Rb6+ Ke7 51. Kc5 e5 52. fxe5 fxe5
53. Kd5 Kf7 54. Kxe5 Ke7 55. Kd5 Kd7 56. h4 1-0

[Event "Int. Stuttgarter Stadtmeisterschaft C"]
[Site "Ditzingen"]
[Date "2012.05.19"]
[Round "6.3"]
[White "Griesche, Veit"]
[Black "Visvikis, Christos"]
[Result "0-1"]
[WhiteElo "1291"]
[BlackElo "1320"]
[PlyCount "88"]
[EventDate "2012.??.??"]
[WhiteTeam "SF Oeffingen e.V."]
[BlackTeam "SK Villingen"]

1. Nf3 Nf6 2. d4 d5 3. c4 e6 4. e3 g6 5. Nc3 Bg7 6. Be2 O-O 7. O-O Nc6 8. a3
Bd7 9. c5 a6 10. b4 Re8 11. Bb2 Qe7 12. b5 axb5 13. Nxb5 Nb8 14. Nxc7 Ba4 15.
Nxa8 Bxd1 16. Rfxd1 Nbd7 17. Nb6 Nxb6 18. cxb6 Qd6 19. Bc3 Qxb6 20. Rdb1 Qc7
21. Bb4 Ne4 22. Rc1 Qb8 23. a4 Rc8 24. Re1 Nc3 25. Bb5 Nxb5 26. axb5 Qc7 27.
Ba5 Qc4 28. b6 Ra8 29. Rec1 Qb5 30. Rcb1 Qd3 31. Rd1 Qe4 32. Nd2 Qf5 33. Rdc1
e5 34. Nb3 exd4 35. exd4 Qf4 36. Bd2 Qb8 37. Na5 Bxd4 38. Ra2 Bxb6 39. Rb1 Bxa5
40. Bxa5 Qc8 41. Rba1 b6 42. Be1 Rxa2 43. Rxa2 Qc1 44. Kf1 Qc4+ 0-1

[Event "Int. Stuttgarter Stadtmeisterschaft C"]
[Site "Ditzingen"]
[Date "2012.05.19"]
[Round "6.4"]
[White "Jelisavac, Nenad"]
[Black "Udaykumar, Arunn Mark"]
[Result "0-1"]
[WhiteElo "1496"]
[BlackElo "1253"]
[PlyCount "76"]
[EventDate "2012.??.??"]
[WhiteTeam "SK Sieker Bielefeld"]
[BlackTeam "SK Villingen"]

1. e4 e5 2. Nf3 Nc6 3. Bb5 Nf6 4. Bxc6 bxc6 5. O-O d6 6. d4 exd4 7. Nxd4 c5 8.
Nb5 Ba6 9. c4 c6 10. N5a3 Be7 11. Bg5 O-O 12. Nc3 h6 13. Bh4 Qb6 14. b3 Rad8
15. Rc1 Rfe8 16. Re1 Bb7 17. Qf3 d5 18. cxd5 cxd5 19. Bxf6 dxe4 20. Nxe4 Bxe4
21. Rxe4 Bxf6 22. Nc4 Qc6 23. Rxe8+ Qxe8 24. Kf1 Qb5 25. g3 a5 26. a4 Qa6 27.
Kg2 Rd4 28. Rc2 g6 29. Nxa5 Qxa5 30. Qxf6 Rd3 31. Qb2 Qa8+ 32. Kh3 Qc8+ 33. Kg2
Qc6+ 34. Kh3 Qe6+ 35. Kg2 Qe4+ 36. Kh3 Qf5+ 37. Kg2 Qf3+ 38. Kh3 Rd5 0-1

[Event "Int. Stuttgarter Stadtmeisterschaft C"]
[Site "Ditzingen"]
[Date "2012.05.19"]
[Round "6.5"]
[White "Su, Kai"]
[Black "Castiglione, David"]
[Result "1/2-1/2"]
[WhiteElo "1375"]
[BlackElo "1063"]
[PlyCount "58"]
[EventDate "2012.??.??"]
[WhiteTeam "Spvgg Böblingen"]
[BlackTeam "SC Ingersheim e.V."]

1. e4 e6 2. d4 d5 3. exd5 exd5 4. Nf3 Nf6 5. Bd3 Bd6 6. Be3 Bg4 7. Nbd2 Nc6 8.
c3 Qe7 9. Qc2 Bxf3 10. Nxf3 h6 11. O-O-O O-O-O 12. Rhe1 Rhe8 13. Bxh6 Qf8 14.
Bg5 Rxe1 15. Rxe1 Re8 16. Rxe8+ Qxe8 17. Bxf6 gxf6 18. Bb5 Kb8 19. Qf5 a6 20.
Bxc6 Qxc6 21. Qxf6 Qc4 22. Kc2 Qa4+ 23. Kc1 Qxa2 24. h4 Qa1+ 25. Kc2 Qa4+ 26.
Kd2 Qb3 27. h5 Qxb2+ 28. Kd3 Qb1+ 29. Kd2 Qb2+ 1/2-1/2

[Event "Int. Stuttgarter Stadtmeisterschaft C"]
[Site "Ditzingen"]
[Date "2012.05.19"]
[Round "6.6"]
[White "Dahm, Simon"]
[Black "Reuß, Tobias"]
[Result "0-1"]
[WhiteElo "1089"]
[BlackElo "1277"]
[PlyCount "54"]
[EventDate "2012.??.??"]
[WhiteTeam "Spvgg Böblingen"]
[BlackTeam "SV Besigheim"]

1. e4 e5 2. Nf3 Nf6 3. d3 Nc6 4. Be2 Be7 5. Nc3 O-O 6. O-O a6 7. Be3 d5 8. exd5
Nxd5 9. Nxd5 Qxd5 10. Nd2 Qd6 11. Ne4 Qb4 12. Rb1 f5 13. Nc3 f4 14. Bd2 Qd6 15.
Ne4 Qh6 16. Bg4 Bxg4 17. Qxg4 Nd4 18. Rbc1 Rf5 19. c3 Rh5 20. cxd4 Rh4 21. Qf3
Rxh2 22. Ng3 Bg5 23. Qd5+ Kh8 24. Rfd1 fxg3 25. fxg3 Bxd2 26. Rxd2 Rh1+ 27. Kf2
Qxd2+ 0-1

[Event "Int. Stuttgarter Stadtmeisterschaft C"]
[Site "Ditzingen"]
[Date "2012.05.19"]
[Round "6.7"]
[White "Sandmeyer, Alexander"]
[Black "Reichmann, Bernd"]
[Result "1-0"]
[WhiteElo "1182"]
[BlackElo "1191"]
[PlyCount "63"]
[EventDate "2012.??.??"]
[WhiteTeam "Stuttgarter SF 1879"]
[BlackTeam "SV Fellbach"]

1. c4 e5 2. Nc3 Nc6 3. g3 Nf6 4. Bg2 Bb4 5. a3 Bxc3 6. bxc3 O-O 7. Nf3 d6 8.
O-O Re8 9. d4 exd4 10. cxd4 d5 11. cxd5 Nxd5 12. Re1 h6 13. Qb3 Nde7 14. Bb2
Qd5 15. Qc3 Be6 16. Ne5 Qb3 17. Nxc6 Qxc3 18. Nxe7+ Rxe7 19. Bxc3 Rb8 20. Rab1
b6 21. e3 Bc8 22. Bb4 Re6 23. Rec1 Bb7 24. Rxc7 Bxg2 25. Kxg2 Ra8 26. Rbc1 a5
27. Bd2 g5 28. Rb7 f5 29. Rcc7 f4 30. exf4 gxf4 31. Bxf4 Rg6 32. Be5 1-0

[Event "Int. Stuttgarter Stadtmeisterschaft C"]
[Site "Ditzingen"]
[Date "2012.05.19"]
[Round "6.8"]
[White "Thomas, Leonhard"]
[Black "Giebler, Kai"]
[Result "1-0"]
[WhiteElo "1358"]
[BlackElo "1138"]
[PlyCount "149"]
[EventDate "2012.??.??"]
[WhiteTeam "SV Fellbach"]
[BlackTeam "TSF Ditzingen"]

1. e4 e5 2. Nf3 Nc6 3. Bb5 Nf6 4. Bxc6 dxc6 5. d3 Bd6 6. h3 Be6 7. Bg5 h6 8.
Bh4 Be7 9. Nbd2 Qd7 10. Qe2 Bc5 11. Nxe5 Qd8 12. Nef3 Qc8 13. Bxf6 gxf6 14. d4
Be7 15. c3 Qd7 16. Nh4 O-O-O 17. f4 f5 18. Nxf5 Bxf5 19. exf5 Qxf5 20. Qf3 Rde8
21. O-O-O Bd6 22. g3 h5 23. Rdf1 Qe6 24. Kb1 Qf5+ 25. Ka1 Re7 26. g4 Qa5 27.
Nc4 Qa6 28. Nxd6+ cxd6 29. gxh5 Rhe8 30. Qg4+ Kb8 31. h6 Qxf1+ 32. Rxf1 Re1+
33. Qd1 Rxd1+ 34. Rxd1 Rh8 35. a3 Rxh6 36. Rg1 Rxh3 37. Rg7 a5 38. Rxf7 b5 39.
f5 c5 40. dxc5 dxc5 41. f6 b4 42. Rf8+ Kc7 43. f7 Rf3 44. cxb4 cxb4 45. axb4
axb4 46. Ka2 Kd7 47. Rb8 Rxf7 48. Rb7+ Ke6 49. Rxf7 Kxf7 50. Kb3 Ke7 51. Kxb4
Kd7 52. Kb5 Kc8 53. Kb6 Kb8 54. b4 Ka8 55. Kc7 Ka7 56. b5 Ka8 57. Kb6 Kb8 58.
Ka6 Ka8 59. b6 Kb8 60. b7 Kc7 61. Ka7 Kc6 62. b8=Q Kd5 63. Qc7 Ke4 64. Qd6 Ke3
65. Qd5 Kf4 66. Qe6 Kf3 67. Qe5 Kg2 68. Qf4 Kh1 69. Qd2 Kg1 70. Kb6 Kf1 71. Kc5
Kg1 72. Kd4 Kf1 73. Ke3 Kg1 74. Kf3 Kh1 75. Qg2# 1-0

[Event "Int. Stuttgarter Stadtmeisterschaft C"]
[Site "Ditzingen"]
[Date "2012.05.19"]
[Round "6.9"]
[White "Stecher, Oliver"]
[Black "Schröder, Janina"]
[Result "0-1"]
[WhiteElo "1126"]
[BlackElo "1353"]
[PlyCount "48"]
[EventDate "2012.??.??"]
[WhiteTeam "SSV Zuffenhausen"]
[BlackTeam "SV Lahn Limburg"]

1. e4 e5 2. Nf3 Nc6 3. Bb5 a6 4. Bxc6 dxc6 5. d3 Bd6 6. Be3 Bg4 7. Nbd2 h6 8.
c3 c5 9. Qc2 Nf6 10. Ng1 Be6 11. Ne2 Qd7 12. h3 Qe7 13. Nf3 Bd7 14. Qd2 Bc6 15.
Ng3 c4 16. O-O Qe6 17. Ne1 cxd3 18. Qxd3 Bb5 19. Qd2 Bxf1 20. Kxf1 Qc4+ 21. Kg1
Nxe4 22. Nxe4 Qxe4 23. Nf3 Rd8 24. Rd1 Be7 0-1

[Event "Int. Stuttgarter Stadtmeisterschaft C"]
[Site "Ditzingen"]
[Date "2012.05.19"]
[Round "6.10"]
[White "Kleih, Julian"]
[Black "Weber, Baldur"]
[Result "1-0"]
[WhiteElo "1335"]
[BlackElo "1135"]
[PlyCount "37"]
[EventDate "2012.??.??"]
[WhiteTeam "SV Dettingen Erms"]
[BlackTeam "SC Neckarsulm e.V."]

1. d4 Nf6 2. c4 g6 3. Nc3 Bg7 4. e4 d6 5. Be3 O-O 6. Be2 Nbd7 7. Qd2 c6 8. Bh6
e5 9. Bxg7 Kxg7 10. dxe5 Nxe5 11. f4 Neg4 12. h3 Nh6 13. g4 Nhg8 14. O-O-O Qe7
15. Qxd6 Qe8 16. Qd4 h6 17. g5 hxg5 18. fxg5 Be6 19. gxf6+ 1-0

[Event "Int. Stuttgarter Stadtmeisterschaft C"]
[Site "Ditzingen"]
[Date "2012.05.19"]
[Round "6.12"]
[White "Günay, Nuri"]
[Black "Langen, Oliver"]
[Result "1-0"]
[WhiteElo "1178"]
[BlackElo "1060"]
[PlyCount "87"]
[EventDate "2012.??.??"]
[WhiteTeam "SC Gross-Sachsenheim"]
[BlackTeam "DJK Stuttgart-Süd"]

1. d4 d5 2. Nc3 Nf6 3. Bg5 e6 4. Nf3 c5 5. e3 Bd6 6. Bd3 Bd7 7. O-O cxd4 8.
exd4 a6 9. Re1 Nc6 10. Nxd5 O-O 11. Nxf6+ gxf6 12. Bh6 Re8 13. Nd2 f5 14. c3
Qh4 15. h3 Qxh6 16. Nc4 Bc7 17. Qb3 b5 18. Ne3 Qf6 19. d5 Na5 20. Qc2 Rac8 21.
dxe6 fxe6 22. g4 Qe5 23. Nf1 Qd5 24. Rad1 Qd6 25. Bxb5 Qxd1 26. Rxd1 Bxb5 27.
b4 fxg4 28. hxg4 Nc6 29. c4 Nxb4 30. Qb2 Bxc4 31. Qxb4 Bxa2 32. Qd2 Bd5 33.
Qg5+ Kf8 34. Ne3 Bc6 35. Qc5+ Re7 36. Nf5 exf5 37. Qxf5+ Kg7 38. Qxc8 Bf3 39.
Rc1 Bf4 40. Qc3+ Kg8 41. Qc4+ Rf7 42. Re1 Kg7 43. Qc3+ Kf8 44. Qh8# 1-0

[Event "Int. Stuttgarter Stadtmeisterschaft C"]
[Site "Ditzingen"]
[Date "2012.05.19"]
[Round "6.13"]
[White "Kreuzhage, Laura"]
[Black "Klein, Werner"]
[Result "0-1"]
[WhiteElo "1013"]
[BlackElo "1070"]
[PlyCount "130"]
[EventDate "2012.??.??"]
[WhiteTeam "SK Schmiden/Cannstatt"]
[BlackTeam "SV Stuttgart-Wolfbusch 1956 e.V."]

1. d4 d5 2. c4 Nf6 3. Nc3 e6 4. Nf3 Be7 5. Bf4 O-O 6. e3 c6 7. Be2 a6 8. O-O
Nbd7 9. Qc2 Re8 10. Bd3 dxc4 11. Bxc4 b5 12. Bd3 g6 13. Qe2 Nd5 14. Nxd5 exd5
15. Rac1 c5 16. Qd2 c4 17. Be2 Nf6 18. Bd1 Ne4 19. Qe2 Bf6 20. Bc2 Bf5 21. b3
Rc8 22. b4 Be7 23. Qe1 Ra8 24. Bb1 a5 25. a3 axb4 26. axb4 Ra4 27. Ne5 Qc8 28.
Qd1 f6 29. Nd3 Bxb4 30. f3 Nc3 31. Qe1 Bxd3 32. Bxd3 cxd3 33. Kh1 Ra3 34. h3
Qd7 35. Ra1 Rea8 36. Qg3 Rxa1 37. Rxa1 Rxa1+ 38. Kh2 Ne2 39. Qg4 Nxf4 40. Qxd7
d2 41. Qd8+ Bf8 42. exf4 d1=Q 43. Qxd5+ Kh8 44. Qf7 Qg1+ 45. Kg3 Ra8 46. Qxf6+
Kg8 47. f5 Qe1+ 48. Kh2 Qe7 49. Qe6+ Qxe6 50. fxe6 Bd6+ 51. g3 Re8 52. d5 b4
53. h4 b3 54. Kh3 b2 55. g4 b1=Q 56. Kg2 Qb2+ 57. Kf1 Qb5+ 58. Kf2 Qxd5 59. h5
Rxe6 60. hxg6 Qd2+ 61. Kf1 Qe2+ 62. Kg1 Be5 63. Kh1 Rxg6 64. g5 Rxg5 65. f4
Qg2# 0-1